[Analýza finančných trhov]

Recenzia na 2. rozšírené a prepracované vydanie učebnice: Analýza finančných trhov (vedúca autorského kolektívu - B. Hrvoľová), ktorej cieľom je poskytnúť informácie pre budúcich finančných manažérov, ktorých pripravuje FPM EU v Bratislave o problematike finančných trhov, ich segmentov, nástrojov, c...

Descrizione completa

Salvato in:
Dettagli Bibliografici
Autore principale: Gertler, Ľubomíra, 1977-
Natura: Capitolo di libro
Lingua:slovacco
Soggetti:
Tags: Aggiungi Tag
Nessun Tag, puoi essere il primo ad aggiungerne!!

MARC

LEADER 00000naa$a2200000$$$4500
001 0092444
005 20240502083235.0
041 0 |a slo 
044 |a CZ 
245 1 0 |a [Analýza finančných trhov]  |c Ľubomíra Gertler 
520 |a Recenzia na 2. rozšírené a prepracované vydanie učebnice: Analýza finančných trhov (vedúca autorského kolektívu - B. Hrvoľová), ktorej cieľom je poskytnúť informácie pre budúcich finančných manažérov, ktorých pripravuje FPM EU v Bratislave o problematike finančných trhov, ich segmentov, nástrojov, cien a inštitúcií, ktoré sú sprostredkovateľmi pri plnení hlavných úloh finančného manažéra. Učebnica je rozdelená do jedenástich kapitol. 
610 2 0 |a trh finančný 
610 2 0 |a analýzy 
610 2 0 |a recenzie 
100 1 |a Gertler, Ľubomíra, 1977-